Joint production and responsibility in ecological economics : on the foundations of environmental policy
Αποθηκεύτηκε σε:
| Κύριος συγγραφέας: | |
|---|---|
| Άλλοι συγγραφείς: | , |
| Μορφή: | Βιβλίο |
| Γλώσσα: | English |
| Δημοσίευση: |
Cheltenham, UK; Northampton, MA :
Edward Elgar,
c2006
|
| Σειρά: | Advances in ecological economics
|
| Θέματα: | |
| Ετικέτες: |
Προσθήκη ετικέτας
Δεν υπάρχουν, Καταχωρήστε ετικέτα πρώτοι!
|
MARC
| LEADER | 00000nam a2200000 i 4500 | ||
|---|---|---|---|
| 001 | 1/55552 | ||
| 008 | 070920s2006 eng d | ||
| 020 | |a 978-1-84064-872-0 (hbk.) | ||
| 020 | |a 1-84064-872-4 (hbk.) | ||
| 035 | |l 10090896 | ||
| 040 | |a GR-MY-UA |b gre |e aacr | ||
| 041 | 0 | |a eng | |
| 082 | 0 | |a 333.7 |2 (22) | |
| 100 | 1 | |a Baumgartner, Stefan |d 1968- | |
| 245 | 1 | 0 | |a Joint production and responsibility in ecological economics : |b on the foundations of environmental policy / |c Stefan Baumgartner, Malte Faber, Johannes Schiller |
| 260 | |a Cheltenham, UK; Northampton, MA : |b Edward Elgar, |c c2006 | ||
| 300 | |a xi, 380 σ.; |b σχ., διαγρ.; |c 25 εκ. | ||
| 490 | 1 | |a Advances in ecological economics | |
| 504 | |a Βιβλιογραφία: σ. 347-371 | ||
| 504 | |a Περιέχει ευρετήριο | ||
| 650 | 0 | 0 | |a Production (Economic theory) |
| 650 | 0 | 0 | |a Environmental policy. |
| 650 | 0 | 0 | |a Environmental economics. |
| 650 | 0 | 0 | |a Production. |
| 700 | 1 | |a Faber, Malte Michael. | |
| 700 | 1 | |a Schiller, Johannes. | |
| 830 | 0 | |a Advances in ecological economics | |
| 852 | |a INST |b LESVOS |e 20070920 |h 333.7 BAU |p 005100039055 |q 005100039055 |t BK |y 0 | ||
| 901 | |a BIBL1-2007-3 | ||
| 909 | |a Λ |b 138276 | ||
| 922 | |a 1ΕΛΗ |b 200707 |c ΕΠΕΑΕΚ2/ΤΠ |d ΠΑΠΑΣΩΤΗΡΙΟΥ | ||
| 970 | |a ΒΑΡΚΑ |b ΕΛΕΥΘΕΡΙΑ |z 2007/09/20 | ||